| 000 | 01062nam a2200229Ia 4500 | ||
|---|---|---|---|
| 001 | 18445 | ||
| 005 | 20260401155131.0 | ||
| 008 | 260306s9999||||xx |||||||||||||| ||und|| | ||
| 041 | _aESP | ||
| 082 |
_a658.404 _bL25 |
||
| 100 |
_aLarson, Erik W. _eAUT |
||
| 245 | 0 |
_aAdministración de proyectos: _bun enfoque práctico |
|
| 260 | _c2021 | ||
| 300 |
_axviii, 681 páginas : _c27 cm. |
||
| 650 | _aGEN | ||
| 654 | _aCAN | ||
| 856 |
_uhttps://0u213uy6y-y-https-ebooks7--24-com.itmsp.museknowledge.com/?il=16413&pg=s9ml/chapter01/portada.xhtml#data-uuid-6f20cfd35e264d8e87f3e210ac4c4166 _zVersión digital |
||
| 856 |
_uhttps://0u213uy73-y-https-ebooks7--24-com.itmsp.museknowledge.com/biblioteca.aspx _zVéase además: Base de datos Ebook7-24 |
||
| 856 |
_uhttps://0u20fuy75-y-https-research-ebsco-com.itmsp.museknowledge.com/c/qxo6us/search _zVéase además: Base de datos EBSCOhost |
||
| 856 |
_uhttps://0u21duy7t-y-https-ebooks-editorialmacro-com.itmsp.museknowledge.com/library _zVéase además: Base de datos Macro Digital |
||
| 942 |
_cLIB _dJUS _fJUS _2ddc |
||
| 999 |
_c18445 _d18445 |
||